Jose de Espronceda, an annotated bibliography, 1834-1980 /

Bibliographic Details
Main Author: Billick, David J.
Format: Book
Language:English
Published: New York : Garland, 1981.
Series:Garland reference library of the humanities ; v. 244.
Subjects:

MARC

Tag First Indicator Second Indicator Subfields
LEADER 00000cam a22000008a 4500
001 in00000089132
005 20151008065316.0
008 810218s1981 nyu b 00110 eng
010 |a  80008514  
020 |a 0824094700 :  |c $25.00 
035 |a (OCoLC)07275022 
035 |9 AAK5725AM 
039 0 |a 2  |b 3  |c 3  |d 3  |e 3 
040 |a DLC  |c DLC  |d OCL  |d TXA  |d UtOrBLW 
049 |a TXAM  |c [1443139] 
050 0 0 |a Z8272.68  |b .B54 
082 0 |a 016.861/5  |2 19 
100 1 |a Billick, David J. 
245 1 0 |a Jose de Espronceda, an annotated bibliography, 1834-1980 /  |c David J. Billick. 
263 |a 8108 
264 1 |a New York :  |b Garland,  |c 1981. 
300 |a xiv, 184 pages ;  |c 22 cm. 
336 |a text  |b txt  |2 rdacontent 
337 |a unmediated  |b n  |2 rdamedia 
338 |a volume  |b nc  |2 rdacarrier 
490 1 |a Garland reference library of the humanities ;  |v v. 244 
500 |a Includes indexes. 
600 1 0 |a Espronceda, José de,  |d 1808-1842  |x Bibliography. 
830 0 |a Garland reference library of the humanities ;  |v v. 244. 
999 |a MARS 
999 f f |s e902196a-0ee6-3994-9027-5b23d7d6157f  |i d43e8fd9-acc3-3f07-b5fe-c0eed9c996fd  |t 0 
952 f f |p ric  |a Texas A&M University  |b Rellis Campus  |c Joint Library Facility  |d Remote Storage  |t 0  |e Z8272.68 .B54  |h Library of Congress classification  |i unmediated -- volume  |m A14842633621 
998 f f |a Z8272.68 .B54  |t 0  |l Remote Storage